000 00381nam a22001457a 4500
020 _a-
082 _a954.9042092 BAZ
100 _aBazmi, Aslam
245 _aOur Quaid: As remembered and reported
260 _aIslamabad
_bNUST Publishing
_c2014
300 _axiv, 164 p. : ill.
500 _aIndex includes
650 _aQuaid-e-Azam Mohammad Ali Jinnah--Biography.
942 _cBK
999 _c13075
_d13075